| 000 | 00702nam a2200229Ia 4500 | ||
|---|---|---|---|
| 003 | OSt | ||
| 005 | 20251119163035.0 | ||
| 008 | 210210b1958 xxu||||| |||| 00| 0 eng d | ||
| 040 | _cAL | ||
| 041 | _aKannada | ||
| 082 | _a851/264 | ||
| 100 |
_aPARAMESHVARA BHATTA (S V) _dಪರಮೇಶ್ವರ ಭಟ್ಟ (ಎಸ್ ವಿ) _9246406 |
||
| 245 |
_aKannada gathasaptashati bhaga 1 _bಕನ್ನಡ ಗಾಥಾಸಪ್ತಶತಿ ಭಾಗ 1 |
||
| 260 |
_aMaisuru _bSharada Mandira _c1958 |
||
| 650 |
_aKannada _9246407 |
||
| 650 |
_agathasaptashati _9246408 |
||
| 650 |
_abhaga _9246409 |
||
| 650 |
_a1 _9246410 |
||
| 690 |
_aKannada Poetry _9246411 |
||
| 906 | _a018282 | ||
| 942 |
_2ddc _cBK |
||
| 999 |
_c141406 _d141406 |
||